| 000 | 00731nam a2200253Ia 4500 | ||
|---|---|---|---|
| 003 | OSt | ||
| 005 | 20220918222457.0 | ||
| 006 | a|||||r|||| 00| 0 | ||
| 007 | ta | ||
| 008 | 220917b |||||||| |||| 00| 0 eng d | ||
| 024 | _a217,015 | ||
| 037 | _cTextual | ||
| 040 |
_aARTS _cARTS _beng |
||
| 041 |
_2eng _aeng |
||
| 082 | _aR39(B)xN26:g, M3 | ||
| 100 |
_aBenacerraf Paul Ed. _9143255 |
||
| 245 | 0 |
_aPhilosophy of mathematics _b selected readings |
|
| 250 | _a2nd | ||
| 260 |
_aCambridge _bCambridge Univ. Press _c1983 |
||
| 300 |
_aviii, 600p _ccm. |
||
| 700 |
_a Putnam Hilary Ed. _9143256 |
||
| 942 |
_hR39(B)xN26:g, M3 _cTEXL _2CC |
||
| 999 |
_c275639 _d275639 |
||